00453ntaaa2200157 45000030003000000050017000030080021000200400037000410820017000781000023000952450026001182500010001442600045001543000011001995000085002100120251027201435.00714s1973 ag 01  aAR-BaBNbspacAR-BaBNeaacrdRIC a226.0000 R24 aReboli, José J.  aLos Cuatro Evangelios a1 ed. aBuenos Aires : bEditorial Kraft, c1956 a619 p. aIlustrado con xilografías de Víctor Delhez y contiene una carta de Pío XII